| 000 | 01208nam a22003737a 4500 | ||
|---|---|---|---|
| 001 | 0011811 | ||
| 003 | DO-SdBPM | ||
| 005 | 20250616132733.0 | ||
| 007 | ta | ||
| 008 | 161123b1985 sp |||| 00| 0 spa d | ||
| 020 | _a8434812665 | ||
| 040 |
_aDO-SdBPM _bspa _cBPMSU _erda |
||
| 082 | 4 |
_a833.91 _bG866v 1985 _222 |
|
| 100 | 1 |
_aGrin, A. _eautor |
|
| 245 | 1 | 0 |
_aEl velero rojo / _cA. Grin, W. Fährmamm ; ilustración Arcadio Lobato ; traducción Jesús Larriba ; colección dirigida por Marinella Terzi |
| 250 | _a3a ed. | ||
| 264 |
_aMadrid : _bEdiciones SM, _c1985. |
||
| 300 |
_a119 páginas . : _bilustración . ; _c19 cm. |
||
| 336 |
_atexto _btxt _2rdacontent |
||
| 337 |
_asin mediación _bn _2rdamedia |
||
| 338 |
_avolumen _bnc _2rdaca |
||
| 490 | 1 |
_aEl barco de vapor _v53 |
|
| 490 | _a | ||
| 500 | _aA partir de 9 años | ||
| 521 | 1 | _aA partir de los 9 años | |
| 534 |
_pTítulo original : _tDas feuerrote segel |
||
| 590 | _aInventariado, 2025/VM | ||
| 650 | 4 |
_aCuentos Invantiles alemanes _2 |
|
| 700 | 1 |
_aLarriba, Jesús, _etraductor _3 |
|
| 700 | 1 |
_aLobato, Arcadio, _eilustración _3 |
|
| 830 | _a | ||
| 910 | _aVMateo V. Control de calidad. BPMSU | ||
| 942 |
_2ddc _cBK |
||
| 999 |
_c12049 _d12049 |
||